[Event "POL-chT U19 1st League"]
[Site "Karpacz"]
[Date "2013.07.30"]
[Round "9"]
[White "Nitychoruk, Jacek"]
[Black "Mis, Mieszko"]
[Result "1/2-1/2"]
[WhiteElo "1369"]
[BlackElo "1512"]
[PlyCount "101"]
[EventDate "2013.07.22"]
[EventType "team-tourn"]
[EventRounds "9"]
[EventCountry "POL"]
[SourceTitle "EXT 2014"]
[Source "ChessBase"]
[SourceDate "2013.11.20"]
[SourceVersion "1"]
[SourceVersionDate "2013.11.20"]
[SourceQuality "1"]
[WhiteTeam "Raciborz KSz Silesia U19"]
[BlackTeam "Czarna LKSz GCKiP U19"]
[WhiteTeamCountry "POL"]
[BlackTeamCountry "POL"]

1. d4 Nf6 2. c4 g6 3. Nc3 Bg7 4. e4 d6 5. f3 0-0 6. Bg5 Nc6 7. Qd2 a6 8. Nge2 Rb8 9. a4 Nd7 10. g4 Qe8 11. Nd5 Qd8 12. h4 f6 13. Bh6 e5 14. h5 g5 15. Bxg7 Kxg7 16. Ne3 exd4 17. Nxd4 Nde5 18. Kf2 Nxd4 19. Qxd4 Be6 20. b4 b6 21. b5 Nd7 22. Bd3 Nc5 23. Qc3 a5 24. Bc2 Nd7 25. Nd5 Rc8 26. Qd2 Qe8 27. Rhe1 Qf7 28. Bd3 Rfe8 29. Ne3 Ne5 30. Rac1 Nd7 31. Nd5 Nc5 32. Qc2 Bd7 33. Nc3 Qe6 34. Rb1 Qe5 35. Be2 Qh2+ 36. Kf1 Ne6 37. Bd3 Qh3+ 38. Kf2 Qh4+ 39. Kf1 Qh3+ 40. Kf2 Qh2+ 41. Kf1 Qxc2 42. Bxc2 Nd4 43. Bd1 Be6 44. Nd5 Bf7 45. Be2 Ne6 46. Rbc1 Nc5 47. Nc3 Nb3 48. Rc2 Nd4 49. Rcc1 Re5 50. Nd5 Bxd5 51. cxd5 1/2-1/2